| 000 | 00974cam a2200337 i 4500 | ||
|---|---|---|---|
| 001 | 114190 | ||
| 003 | NUST - PNEC | ||
| 005 | 20170116181116.0 | ||
| 008 | 820204s1981 enkabfj b 001 0deng d | ||
| 020 | _a0283984368 | ||
| 035 | _a(OCoLC)7985558 | ||
| 035 | _a(OCoLC)ocm07985558 | ||
| 035 | _a(CStRLIN)NYCG82-B5688 | ||
| 035 | _a(NNC)114190 | ||
| 040 |
_aCtY _cLIBRARY _dCtY _dNNC |
||
| 043 | _aa-su--- | ||
| 082 | _a956 HOL | ||
| 090 |
_aDS244.52 _b.H64 |
||
| 100 | 1 | _aHolden, David. | |
| 245 | 1 | 4 |
_aThe house of Saud / _cDavid Holden, Richard Johns. |
| 260 |
_aLondon : _bSidgwick & Jackson, _c1981. |
||
| 300 |
_axiv, 569 p., [16] p. of plates : _bill., geneal. tables, maps ; _c25 cm. |
||
| 500 | _aIncludes index. | ||
| 504 | _aBibliography: p. [539]-541. | ||
| 600 | 3 | 0 | _aSaud family. |
| 650 |
_913217 _aSaudia Arabia _xGeneral books |
||
| 651 | 0 |
_aSaudi Arabia _xHistory. |
|
| 700 | 1 |
_aJohns, Richard, _eauthor. |
|
| 942 |
_2ddc _cBK |
||
| 999 |
_c69332 _d69332 |
||